[Event "Saint Louis Invitational-A 2018"]
[Site "Saint Louis"]
[Date "2018.11.17"]
[Round "2"]
[White "Kiewra, Keaton"]
[Black "Balakrishnan, Praveen"]
[Result "0-1"]
[WhiteElo "2364"]
[BlackElo "2409"]
[Annotator "TA"]
[PlyCount "66"]
[EventDate "2018.11.16"]
[EventType "tourn"]
[EventCountry "USA"]
[SourceTitle "playchess.com"]
[Source "ChessBase"]
[SourceQuality "1"]

{[%evp 23,66,18,20,-35,-17,-22,8,-41,-44,-88,-76,-97,-70,-119,-119,-120,-120,-120,-115,-108,-124,-146,-146,-136,-137,-155,-155,-164,-158,-163,-127,-155,-154,-187,-192,-188,-182,-254,-193,-247,-253,-239,-269,-416,-416]} 1. Nf3 d5 2. c4 e6 3. g3 Nf6 {[%cal Bg8f6,Bf6e4,Be4d2][%mdl 32]} 4. d4 Bb4+ 5. Bd2 Be7 6. Bg2 O-O 7. O-O Nbd7 8. Qc2 {E11: Bogo-Indian} (8. Nc3 c6 9. Bf4 dxc4 10. e4 Re8 11. a4 b6 12. d5 exd5 13. exd5 Bb7 14. a5 bxa5 15. d6 Bf8 16. Nd2 Nd5 17. Nxd5 cxd5 18. Nxc4 dxc4 19. Bxb7 {½-½ (42) Nakamura,H (2777)-Karjakin,S (2773) Saint Louis 2018}) 8... Ne4 9. Nc3 Nxd2 10. Nxd2 c6 11. e4 dxc4 12. Nxc4 Nb6 {LiveBook: 15 Games} 13. Ne2 (13. Nxb6 $11 Qxb6 14. Ne2) 13... Nxc4 $15 14. Qxc4 Qb6 (14... e5 $5) 15. Rab1 {[#]} e5 $146 ({Predecessor:} 15... a5) 16. dxe5 Be6 17. Qa4 Rfd8 {[%mdl 1024] Black has strong compensation.} 18. Nf4 Rd4 19. b4 Bc4 $1 {[%cal Rc4f1]} 20. Rfd1 Rad8 {[%cal Ba8d8,Bd8d4,Bd4d1][%mdl 32] aiming for ...Qa6.} 21. Rxd4 Rxd4 22. Qa5 {[#]} Bxb4 $1 {[%mdl 512]} 23. Qxb6 (23. Qxb4 Qxb4) 23... axb6 24. Rxb4 {Strongly threatening Bf1.} Rd1+ 25. Bf1 Bxf1 $19 {[%cal Rf1h3][%mdl 4096] Endgame KRB-KRN} 26. f3 b5 {[%cal Bb6b5,Bb5b4][%mdl 32]} 27. Kf2 Bc4 28. a4 {[#]} c5 $1 {[%cal Rc5b4]} 29. Rb2 b4 ({Don't do} 29... bxa4 30. Rxb7 h6 31. Ra7 $17) 30. Ng2 (30. Rc2 {keeps fighting.} b3 31. Rxc4) 30... Rf1+ 31. Ke3 g5 32. f4 h6 33. a5 (33. Kd2 {was called for.} Rf2+ 34. Kc1) 33... Ba6 {Accuracy: White = 58%, Black = 98%.} 0-1

[Event "Saint Louis Invitational-A 2018"]
[Site "Saint Louis"]
[Date "2018.11.17"]
[Round "3"]
[White "Patel, Advait"]
[Black "Shtembuliak, Evgeny"]
[Result "0-1"]
[WhiteElo "2467"]
[BlackElo "2487"]
[Annotator "TA"]
[PlyCount "68"]
[EventDate "2018.11.16"]
[EventType "tourn"]
[EventCountry "USA"]
[SourceTitle "playchess.com"]
[Source "ChessBase"]
[SourceQuality "1"]

{[%evp 21,68,25,12,22,42,0,45,-9,0,0,0,0,33,-22,-18,-6,0,-63,-49,-145,-120,-157,-160,-166,-155,-153,-152,-141,-113,-189,-178,-193,-185,-186,-183,-301,-297,-306,-282,-313,-293,-337,-351,-825,-821,-808,-789,-812,-797]} 1. e4 e6 2. d4 d5 3. Nc3 Nf6 4. Bg5 dxe4 5. Nxe4 Be7 6. Bxf6 gxf6 7. Qd2 b6 {C13: French: Classical System: 4 Bg5 Be7, Alekhine-Chatard Attack} 8. O-O-O Bb7 9. Nc3 c6 10. f4 f5 11. Nf3 Nd7 {LiveBook: 4 Games} 12. Be2 $146 ({Predecessor:} 12. Bd3 Qc7 13. Rhe1 O-O-O 14. g3 Bf6 15. Qe2 {½-½ (41) Ponkratov,P (2622)-Goryachkina,A (2505) Yaroslavl 2018}) 12... b5 13. Rhe1 b4 14. Nb1 (14. Na4 $14) 14... Qc7 15. Ne5 Nxe5 16. dxe5 Rg8 17. Bf3 ({White should play} 17. g3 $14) 17... c5 $11 18. Qe2 {[#] aiming for Qb5+.} c4 19. Bxb7 (19. g4 $11) 19... Qxb7 $15 20. Qxc4 (20. g3 $15) 20... Rc8 21. Qd3 {With the idea g3.} Rxg2 22. Rd2 Rd8 23. Qh3 Rdxd2 24. Nxd2 Qd5 $40 {[%mdl 128] [#] Black has strong attack.} 25. Rd1 (25. Ne4 $1 $17 {[%mdl 512]} Rg4 (25... fxe4 26. Qxg2) 26. Nf6+ Bxf6 27. exf6) 25... Bc5 $19 26. c4 bxc3 $1 27. Qxc3 Qd4 28. Qf3 (28. Qxd4 {keeps fighting.} Bxd4 29. Nc4) 28... Rf2 ({Resist} 28... Rxh2 29. Qa8+ Ke7 30. a3 $19) 29. Qa8+ Ke7 {And now ...Bb4 would win.} 30. Qb8 Qd5 (30... Rxh2 31. Ne4 $19) 31. Kb1 {intending Qc7+.} Qd3+ ({Less strong is} 31... Rxf4 32. Rc1 $17) 32. Ka1 $2 (32. Kc1 Be3 {[%mdl 64] Double Attack} 33. Qb4+ Ke8 34. Qb8+ Qd8 35. Qb4) 32... Rxd2 {[%cal Rd2d1] Black is clearly winning.} (32... Qd7 $2 33. a3 $19) 33. Qc7+ Ke8 {[%cal Rd2d1]} 34. Qc8+ Qd8 $1 {Accuracy: White = 25%, Black = 71%.} 0-1

[Event "Saint Louis Invitational-A 2018"]
[Site "Saint Louis"]
[Date "2018.11.17"]
[Round "3"]
[White "Boros, Denes"]
[Black "Kevlishvili, Robby"]
[Result "1/2-1/2"]
[WhiteElo "2442"]
[BlackElo "2451"]
[Annotator "TA"]
[PlyCount "54"]
[EventDate "2018.11.16"]
[EventType "tourn"]
[EventCountry "USA"]
[SourceTitle "playchess.com"]
[Source "ChessBase"]
[SourceQuality "1"]

{[%evp 29,54,8,70,62,67,68,79,31,51,0,104,85,148,142,152,152,142,145,151,154,147,141,150,0,0,0,158]} 1. e4 c5 2. Nf3 d6 3. d4 cxd4 4. Nxd4 Nf6 5. Nc3 a6 6. Bc4 e6 7. Bb3 Nbd7 8. Bg5 Nc5 9. Qe2 Be7 10. f4 h6 11. Bxf6 Bxf6 12. O-O-O Qc7 13. Rhe1 {B86: Sicilian Scheveningen/Najdorf: 6 Bc4, without early ...b5} Bd7 14. Kb1 O-O 15. g4 b5 {LiveBook: 3 Games} (15... Qb6 $11 16. e5 dxe5 17. fxe5 Bh4) (15... Qb6 16. e5 dxe5 17. fxe5 Bh4 18. Rg1 Bc6 {½-½ (18) Nisipeanu,L (2681)-Sutovsky,E (2657) Wijk aan Zee 2010}) 16. g5 $1 $14 {[%cal Rg5f6]} hxg5 17. e5 dxe5 18. fxe5 Be7 {[#]} 19. Qh5 (19. h4 $1 $14 {[%mdl 512]} b4 (19... gxh4 20. Qh5) 20. Ne4 Nxe4 21. Qxe4 gxh4 22. Rg1) 19... g6 (19... Rfd8 $11) 20. Qh6 $16 Rfd8 {[#]} (20... Nxb3 $142 21. axb3 Rfd8) 21. Nd5 $146 {[%cal Rd5e7][%mdl 512]} exd5 22. Bxd5 Be6 23. Nxe6 Nxe6 24. Bxe6 fxe6 25. Qxg6+ Kh8 {[#] Hoping for ...Rxd1+.} 26. Qh6+ ({Only move:} 26. h4 $1 $16 {[%cal Rh4g5]} Qc6 27. hxg5 Rxd1+ 28. Rxd1) 26... Kg8 $11 {...Rxd1+ is the strong threat.} 27. Qg6+ $2 (27. Rxd8+ $11 Rxd8 28. Qg6+ (28. Qxe6+ Kg7 $17) 28... Kh8 29. Qh6+ Kg8 30. Qg6+ (30. Qxe6+ Kg7 $17) 30... Kh8 31. Qh6+ Kg8) 27... Kh8 {Accuracy: White = 69%, Black = 41%.} 1/2-1/2

[Event "Saint Louis Invitational-A 2018"]
[Site "Saint Louis"]
[Date "2018.11.17"]
[Round "3"]
[White "Niemann, Hans"]
[Black "Gurevich, Dmitry"]
[Result "1-0"]
[WhiteElo "2439"]
[BlackElo "2393"]
[Annotator "TA"]
[PlyCount "51"]
[EventDate "2018.11.16"]
[EventType "tourn"]
[EventCountry "USA"]
[SourceTitle "playchess.com"]
[Source "ChessBase"]
[SourceQuality "1"]

{[%evp 18,51,40,54,51,51,52,29,43,35,34,43,39,37,96,58,74,43,118,118,107,109,224,219,200,189,226,136,143,129,83,80,443,402,489,481]} 1. d4 Nf6 2. c4 c5 3. d5 b5 4. cxb5 a6 5. e3 axb5 6. Bxb5 Qa5+ 7. Nc3 Bb7 8. Bd2 Qb6 9. a4 {A57: Benko/Volga Gambit} Nxd5 10. Nf3 {[%cal Bg1f3,Bf3d2,Bd2b3,Bb3c5][%mdl 32] LiveBook: 26 Games} Nb4 (10... Qg6 11. O-O e6 12. a5 Nc7 13. e4 Nxb5 14. Nxb5 Na6 15. Re1 f6 16. Nh4 Qf7 17. Qb3 {1-0 (27) Adhiban,B (2650)-Ramirez Alvarez,A (2568) Reykjavik 2018}) 11. O-O {White is slightly better.} g6 12. e4 Bg7 $1 13. Bg5 $146 ({Predecessor:} 13. Bf4 N8c6 14. Qd2 O-O 15. Qxd7 e5 16. Bg5 h6 17. Be7 Rfe8 18. Bd6 Rac8 19. Bc4 Red8 20. Qxf7+ Kh8 21. a5 {1-0 (21) Weimer,H-Stromer,A Germany 1986}) 13... h6 14. Bh4 Qe6 15. Nd2 Ba6 ({Black should play} 15... N8c6 $14) 16. Nb3 Bxb5 17. Nxb5 O-O (17... Qc6 $14) 18. Nxc5 Qe5 19. Rc1 {And now f4 would win.} g5 {[#]} (19... d6 $16) 20. Bg3 $1 $18 {[%cal Rg3e5]} Qxb2 {[#]} 21. f4 $1 {[%cal Rf4g5,Bf2f4,Bf4e5,Be5e6][%mdl 32]} d6 22. Rf2 Qf6 23. e5 $1 $36 {[%cal Re5f6][%mdl 2048] White has strong initiative.} dxe5 24. fxe5 Qc6 $2 {[%mdl 8192] [#]} (24... Qg6 $16 {is a better chance.}) 25. e6 $1 {[%mdl 512]} Qd5 (25... fxe6 26. Rxf8+) 26. Nc7 {Accuracy: White = 63%, Black = 33%.} 1-0

[Event "Saint Louis Invitational-A 2018"]
[Site "Saint Louis"]
[Date "2018.11.17"]
[Round "3"]
[White "Balakrishnan, Praveen"]
[Black "Ali Marandi, Cemil Can"]
[Result "1/2-1/2"]
[WhiteElo "2409"]
[BlackElo "2552"]
[Annotator "TA"]
[PlyCount "58"]
[EventDate "2018.11.16"]
[EventType "tourn"]
[EventCountry "USA"]
[SourceTitle "playchess.com"]
[Source "ChessBase"]
[SourceQuality "1"]

{[%evp 29,58,53,60,-38,-38,-38,-30,-34,-32,-35,-32,-24,-43,-66,-6,-6,0,0,0,0,0,0,0,0,0,0,0,0,0,0,0]} 1. e4 {[%cal Be2e4,Be4e5][%mdl 32]} e6 2. d4 d5 3. Nc3 Nf6 4. e5 Nfd7 5. f4 c5 6. Nf3 Nc6 7. Be3 Qb6 8. Na4 Qa5+ 9. c3 b6 10. Bd2 c4 11. b4 Nxb4 {C11: French: Classical System: 4 e5 and 4 Bg5 dxe4} (11... Qa6 12. Be2 Be7 13. O-O f5 14. Qc2 O-O 15. Kh1 Qb7 16. Rg1 Rf7 17. g4 b5 18. gxf5 Rxf5 19. Nc5 Nxc5 20. bxc5 {0-1 (57) Karjakin,S (2773)-Duda,J (2737) chess.com INT 2018}) 12. cxb4 Bxb4 13. Qc2 Bxd2+ 14. Nxd2 b5 15. Nc3 b4 {[#] LiveBook: 25 Games} 16. Bxc4 $146 ({White should play} 16. Ne2 $14) ({Predecessor:} 16. Nd1 f6 17. Nf3 fxe5 18. fxe5 Bb7 19. a3 {1-0 (34) Kokarev,D (2634)-Savchenko,B (2613) Khanty-Mansiysk 2016}) 16... bxc3 $15 17. Nb3 Qb6 18. Bd3 Ba6 19. O-O Rc8 20. Bxa6 Qxa6 21. f5 exf5 (21... O-O $15) 22. Qxf5 $11 {The position is equal.} Qe6 23. Qxe6+ fxe6 24. Rac1 Rf8 25. Rfd1 Rf4 26. Rd3 {[#]} a5 $1 {[%cal Ba7a5,Ba5a4][%mdl 544]} 27. Rdxc3 (27. Nxa5 Ra8) 27... Rxc3 28. Rxc3 a4 29. Na5 Rxd4 1/2-1/2

[Event "Saint Louis Invitational-A 2018"]
[Site "Saint Louis"]
[Date "2018.11.17"]
[Round "3"]
[White "Bivol, Alina"]
[Black "Kiewra, Keaton"]
[Result "1-0"]
[WhiteElo "2403"]
[BlackElo "2364"]
[Annotator "TA"]
[PlyCount "103"]
[EventDate "2018.11.16"]
[EventType "tourn"]
[EventCountry "USA"]
[SourceTitle "playchess.com"]
[Source "ChessBase"]
[SourceQuality "1"]

{[%evp 23,103,22,33,-3,5,-39,-40,-91,0,-219,-116,-110,-109,-99,-116,-103,-103,-112,-104,-111,-108,-116,-84,-91,-76,-89,-102,-122,-23,-18,-33,-10,0,-8,0,-192,-4,-76,-75,-51,-62,-53,-50,-112,-125,-130,0,0,0,-93,0,-437,-453,-452,-439,-459,-452,-422,-408,-429,-208,-216,-231,-203,-197,-252,-116,-175,-54,-116,-60,-214,685,641,801,801,793,793,29992,29993,29997,29998]} 1. Nf3 d5 2. g3 g6 3. Bg2 Bg7 4. d4 Nf6 5. c4 c6 6. Nbd2 O-O 7. O-O Bf5 8. b3 a5 9. Bb2 Nbd7 {D78: Fianchetto Grünfeld: 6 0-0 c6} 10. e3 a4 11. Qe2 Ne4 12. Nxe4 Bxe4 {LiveBook: 5 Games} 13. Rfd1 $146 ({Predecessor:} 13. cxd5 cxd5 14. Qb5 Ra5 15. Qxb7 Nc5 16. Qb4 Nd3 17. Qd2 {0-1 (69) So,W (2810)-Ding,L (2777) Tbilisi 2017}) 13... Qa5 14. Bh3 dxc4 15. Bxd7 (15. bxc4 $15 a3 16. Bc1) 15... c3 (15... a3 $17 16. Bxa3 Bd3) 16. Ba3 $2 (16. Bxc3 $1 $11 {and White is okay.} Qxc3 17. Rac1) 16... c2 (16... axb3 $19 17. axb3 Qd5) 17. Rdc1 $17 Qh5 $1 {[%mdl 1024] Black has strong compensation.} 18. g4 Qh3 19. Ne1 {f3 is the strong threat.} Rfd8 $1 {[%cal Rd8d7]} 20. f3 Bd5 21. Bxc6 Bxc6 22. Qg2 Qh4 23. Nxc2 e5 {[%cal Re5d4]} 24. Bc5 Qf6 25. Rf1 Qe6 (25... axb3 $17 26. axb3 Rxa1 27. Nxa1 Qe6 28. dxe5 Bxe5) 26. dxe5 $1 $11 axb3 27. axb3 Qxb3 {aiming for ...Bb5.} 28. Bd4 Ba4 29. Na3 $2 {[#]} (29. Rf2 $11) 29... b5 $2 (29... Bxe5 $1 $19 {[%mdl 512]} 30. Rfb1 (30. Bxe5 Qxe3+) 30... Qd3 31. Bxe5 Qxe3+ {[%mdl 64] Double Attack} 32. Qf2 Qxe5) 30. Rfb1 (30. f4 $11 {remains equal.}) 30... Qd3 $1 $17 31. Qf1 Rxd4 32. exd4 Qxd4+ 33. Qf2 (33. Kh1 $1 $15) 33... Bxe5 {White must now prevent ...Qd5.} 34. Ra2 Qd3 {And now ...Bd4 would win.} 35. Qe2 $1 {[%cal Re2d3]} Qd4+ 36. Qf2 {[#]} Bb3 $1 {[%mdl 512]} 37. Rxb3 $4 {[%mdl 8192]} (37. Nxb5 $11 Rxa2 38. Qxd4 Bxd4+ 39. Nxd4) 37... Qd1+ $19 {[%mdl 64] Double Attack} 38. Kg2 Qxb3 39. Re2 Bc3 40. Nc2 b4 41. h4 Qc4 (41... Qd5 $142 42. Qe3 Qd1) 42. Re4 Qb5 43. Nd4 Qd3 44. h5 (44. Qe2 $142 Qxe2+ 45. Nxe2) 44... Qd1 (44... gxh5 $19 45. Qe2 Qxe2+ 46. Nxe2 Ra2) 45. Ne2 (45. Qe3 $17 {was called for.} Qd2+ 46. Qxd2 Bxd2 47. Kf2) 45... Qd2 ({Black should play} 45... Qd6 $19 {Strongly threatening ...f5.} 46. Qe3 Qd2) 46. Qc5 (46. Nxc3 $15 Qxc3 47. h6) 46... Rd8 (46... gxh5 $17 47. Kh3 Qe1) 47. Qc4 $2 (47. Kh3 $15) 47... Qd3 $4 {[%mdl 8192] [#]} (47... gxh5 $19 48. Rf4 hxg4 49. Qxf7+ Kh8) 48. Re8+ $1 $18 {[%mdl 512]} Kg7 {[#]} (48... Rxe8 49. Qxd3) 49. h6+ $1 {[%mdl 512]} Kxh6 50. Qxf7 {g5+! would kill now.} Bf6 51. Qxf6 Rd6 52. g5+ {Accuracy: White = 38%, Black = 29%.} 1-0

[Event "Saint Louis Invitational-A 2018"]
[Site "Saint Louis"]
[Date "2018.11.18"]
[Round "4"]
[White "Ali Marandi, Cemil Can"]
[Black "Shtembuliak, Evgeny"]
[Result "1/2-1/2"]
[WhiteElo "2552"]
[BlackElo "2487"]
[Annotator "RC"]
[PlyCount "32"]
[EventDate "2018.11.16"]
[EventType "tourn"]
[EventCountry "USA"]
[SourceTitle "playchess.com"]
[Source "ChessBase"]
[SourceQuality "1"]
[TimeControl "5400+30"]

1. e4 {[%emt 0:00:35]} e6 {[%emt 0:00:00]} 2. d4 {[%emt 0:00:23]} d5 {[%emt 0:00:00]} 3. exd5 {[%emt 0:00:30]} exd5 {[%emt 0:00:00]} 4. c4 {[%emt 0:00:10]} dxc4 {[%emt 0:04:32]} 5. Bxc4 {[%emt 0:01:49]} Nf6 {[%emt 0:01:36]} 6. Nf3 {[%emt 0:03:19]} Bd6 {[%emt 0:00:10]} 7. O-O {[%emt 0:01:41]} O-O {[%emt 0:00:17]} 8. Nc3 {[%emt 0:02:04]} Nc6 {[%emt 0:03:30]} 9. Bg5 {[%emt 0:15:18]} h6 {[%emt 0:05:24]} 10. Bh4 {[%emt 0:03:13]} Bg4 {[%emt 0:06:12]} 11. h3 {[%emt 0:05:25]} Bxf3 {[%emt 0:04:03]} 12. Qxf3 {[%emt 0:02:42]} Nxd4 {[%emt 0:00:23]} 13. Qxb7 {[%emt 0:00:07]} Rb8 {[%emt 0:00:14]} 14. Qxa7 {[%emt 0:00:31]} Ra8 {[%emt 0:00:10]} 15. Qb7 {[%emt 0:00:06]} Rb8 {[%emt 0:00:08]} 16. Qa7 {[%emt 0:00:06]} Ra8 {[%emt 0:00:05]} 1/2-1/2

[Event "Saint Louis Invitational-A 2018"]
[Site "Saint Louis"]
[Date "2018.11.18"]
[Round "4"]
[White "Kevlishvili, Robby"]
[Black "Patel, Advait"]
[Result "1/2-1/2"]
[WhiteElo "2451"]
[BlackElo "2467"]
[Annotator "TA"]
[PlyCount "47"]
[EventDate "2018.11.16"]
[EventType "tourn"]
[EventCountry "USA"]
[SourceTitle "playchess.com"]
[Source "ChessBase"]
[SourceQuality "1"]

{[%evp 17,47,30,54,13,32,0,0,0,7,8,8,0,14,0,0,0,8,6,14,14,26,6,10,0,0,-32,-29,-19,-23,-27,-25,-16]} 1. e4 e5 2. Nf3 Nc6 3. Bb5 {[%cal Bf1b5,Bb5a4,Ba4b3][%mdl 32]} a6 4. Ba4 Nf6 5. O-O b5 6. Bb3 Bc5 7. c3 d6 8. a4 {[%cal Ba2a4,Ba4a5][%mdl 32]} Rb8 9. d4 Bb6 10. a5 {C78: Ruy Lopez: Archangelsk and Möller Defences} Ba7 $1 11. h3 O-O 12. Be3 {The position is equal.} Ra8 13. Nbd2 {[%cal Bb1d2,Bd2f1,Bf1g3][%mdl 32]} h6 14. Re1 Re8 15. Nf1 exd4 16. cxd4 Rxe4 17. Ng3 Re7 {[#]} 18. Qd2 $146 Qf8 19. Rac1 Bd7 $1 20. Nh4 {[#] Strongly threatening Rxc6!} d5 21. Nhf5 Re6 $1 22. Bf4 Rae8 {White must now prevent ...Rxe1+.} 23. Red1 Bb8 24. Ba2 {Accuracy: White = 49%, Black = 81%.} 1/2-1/2

[Event "Saint Louis Invitational-A 2018"]
[Site "Saint Louis"]
[Date "2018.11.18"]
[Round "4"]
[White "Balakrishnan, Praveen"]
[Black "Bivol, Alina"]
[Result "1/2-1/2"]
[WhiteElo "2409"]
[BlackElo "2403"]
[Annotator "TA"]
[PlyCount "219"]
[EventDate "2018.11.16"]
[EventType "tourn"]
[EventCountry "USA"]
[SourceTitle "playchess.com"]
[Source "ChessBase"]
[SourceQuality "1"]

{[%evp 14,218,43,41,24,19,42,27,25,31,24,27,28,32,25,21,18,22,47,59,52,53,65,57,61,62,87,85,51,70,107,102,111,99,100,93,176,158,147,150,158,164,149,143,188,184,191,185,175,185,183,188,182,172,195,191,234,239,260,254,356,356,257,356,356,354,341,343,377,385,381,359,366,314,283,215,395,411,1127,962,1287,1148,1920,1845,12784,12784,10883,10883,5095,5112,5112,5112,5112,5112,5112,5112,5112,5112,5377,5202,5112,5112,1423,140,5112,5112,5112,5112,5112,5112,5097,5097,5097,5097,5095,5095,5095,5095,5095,5095,5094,5094,5087,5080,5072,5065,872,8,8,8,8,8,8,8,8,8,8,8,8,8,8,8,8,8,8,0,8,0,0,0,8,8,8,8,8,8,8,8,8,8,8,8,8,8,8,8,8,8,8,8,8,8,8,8,8,8,8,8,8,8,8,0,8,8,8,8,8,8,8,8,8,8,8,8,8,8,8,8,8,0,8,8,8,8,8,8,8]} 1. e4 e6 2. d4 d5 3. Nd2 a6 4. Bd3 c5 5. dxc5 Bxc5 6. Ngf3 Nf6 7. O-O Nc6 8. exd5 exd5 {C07: French Tarrasch: 3...c5, 4 Ngf3 and 4 exd5 Qxd5} 9. Re1+ $146 (9. Nb3 Bb6 10. Re1+ Be6 11. c3 O-O 12. h3 Ne4 13. Be3 Bf5 14. Nbd4 Bg6 15. Nxc6 bxc6 16. Ne5 {1-0 (45) Adams,M (2734)-Gurevich,M (2634) Dresden 2008}) ({Predecessor:} 9. Nb3 Be7 10. h3 O-O 11. c3 Re8 12. Bg5 h6 13. Bh4 {1-0 (55) Ascic,I (2041)-Grguric,D (1841) Sibenik 2007}) 9... Be7 10. h3 O-O {White has an edge.} 11. Nb3 Re8 12. Bg5 h6 13. Bh4 Bd7 14. c3 Qb6 15. Bc2 g5 16. Bg3 Bf8 17. Ne5 Rad8 18. Qd3 {Strongly threatening Nxf7!} Bg7 19. Nxd7 Rxe1+ 20. Rxe1 {White wants to mate with Nxf6+.} Rxd7 21. h4 g4 22. Bf4 Qd8 23. Nc5 Re7 24. Rxe7 Nxe7 (24... Qxe7 $16 25. Qe3 Qxe3 26. Bxe3 Na5) 25. Qe3 d4 26. Qxd4 Qxd4 27. cxd4 Nfd5 28. Be5 $1 Bxe5 29. dxe5 $16 {[%mdl 4096] Endgame KBN-KNN} Nb4 30. Bb3 b6 31. Nd7 b5 32. Nf6+ Kg7 33. Nxg4 Nd3 34. Kf1 Nc6 35. Ke2 $1 {[%cal Re2d3]} Nxb2 36. Kd2 Kg6 (36... h5 {was necessary.}) 37. Kc3 $18 Na4+ 38. Bxa4 $1 bxa4 {KN-KN} 39. Kc4 $1 {[%cal Rc4c5]} Kh5 40. Kc5 Ne7 41. Ne3 $1 Ng6 42. Kd5 Kxh4 43. Ke4 Kg5 44. Nd5 h5 $2 (44... Kg4 45. f4 Kg3) 45. f4+ $1 Kg4 (45... Kh6 $142 46. f5 Nf8) 46. Nf6+ Kg3 47. Nxh5+ Kxg2 48. f5 Ne7 49. e6 fxe6 50. fxe6 Kf2 51. Nf4 Ke1 52. Nd5 Nc8 53. Kd4 Kd2 54. Kc5 Kd3 55. Kb4 Nd6 56. e7 Ne8 57. Kc5 Kc2 58. Nb6 $2 (58. Kc6 $18 Kb1 59. Kd7) 58... a3 $2 {[%mdl 8192]} (58... Kb2 $16) 59. Nc4 Kb1 60. Nxa3+ ({Worse is} 60. Nd6 Nf6 $11) 60... Kxa2 61. Nc4 $1 {[%cal Rc4d6]} Kb3 62. Nd6 Ng7 {[#]} 63. Nf5 $1 {[%mdl 512]} Ne8 {[#]} (63... Nxf5 64. e8=Q) 64. Nd4+ $1 Kc3 65. Nc6 Kd3 66. Kd5 Kc3 {[#]} 67. Ke6 $1 {[%cal Re6f7]} Kc4 68. Kd7 Ng7 69. Nd8 a5 70. Nb7 $2 (70. Ne6 $18 Nh5 71. Ke8 Nf6+ 72. Kf7) 70... a4 $11 {The position is equal.} 71. Nd6+ Kb3 72. Nf5 a3 73. Nxg7 {KN-KP} a2 74. e8=Q a1=Q 75. Qb8+ Kc2 76. Ne6 Qa4+ 77. Kd6 Qa3+ 78. Kc6 Qa4+ 79. Kc7 Qa5+ 80. Kc8 Qa6+ 81. Kd7 Qa4+ 82. Ke7 Qh4+ 83. Kf7 Qh5+ 84. Kg7 Qg4+ 85. Kf6 Qh4+ 86. Ke5 {Nd4+ would kill now.} Qh5+ (86... Qg3+ {seems wilder.} 87. Nf4 Qc3+ 88. Kd6 Qa3+ 89. Ke6 Qb3+) 87. Kd4 Qg4+ 88. Nf4 Qg7+ 89. Ke4 Qh7+ 90. Ke3 Qe7+ 91. Kf3 Qe1 92. Qb5 Qc3+ 93. Kg2 Qg7+ 94. Kf1 Qa1+ 95. Ke2 Qd1+ 96. Ke3 Qe1+ 97. Kf3 Qd1+ 98. Ke4 {Threatening mate with Qa4+.} Qe1+ 99. Kf5 Qc3 100. Qd5 Qc8+ 101. Ke4 {White threatens Qa2+ and mate.} Qe8+ 102. Kf3 Qh8 103. Qd3+ Kb2 104. Qb5+ Ka2 105. Qa4+ Kb1 106. Qb5+ Qb2 107. Qd5 Qc1 108. Qe4+ Ka1 109. Kf2 Qc2+ 110. Qxc2 $2 {[%mdl 8192] Accuracy: White = 76%, Black = 60%.} (110. Qe2) 1/2-1/2

[Event "Saint Louis Invitational-A 2018"]
[Site "Saint Louis"]
[Date "2018.11.18"]
[Round "4"]
[White "Gurevich, Dmitry"]
[Black "Boros, Denes"]
[Result "1-0"]
[WhiteElo "2393"]
[BlackElo "2442"]
[Annotator "TA"]
[PlyCount "77"]
[EventDate "2018.11.16"]
[EventType "tourn"]
[EventCountry "USA"]
[SourceTitle "playchess.com"]
[Source "ChessBase"]
[SourceQuality "1"]

{[%evp 14,77,15,25,32,38,39,19,61,27,27,13,16,8,12,9,21,0,0,-16,0,0,0,0,-12,-18,0,0,0,0,0,0,0,0,18,25,78,0,74,15,56,57,78,49,66,68,75,34,66,0,0,0,0,0,0,0,371,357,424,440,662,700,839,835,29987,29988]} 1. c4 b6 2. Nc3 e6 3. d4 Bb4 4. e3 Bb7 5. Nge2 f5 6. a3 Bd6 7. d5 Nf6 8. g3 Be5 $146 {A40: Unusual replies to 1 d4} ({Predecessor:} 8... Na6 9. Bg2 Nc5 10. O-O O-O 11. b4 Nce4 12. Nxe4 Nxe4 13. Bb2 Qe7 14. Qd3 exd5 15. cxd5 a5 16. b5 {½-½ (70) Aleksandrov,A (2591)-Gulko,B (2643) Shenyang 2000}) 9. Bg2 Na6 10. Nd4 Nc5 {The position is equal.} 11. O-O O-O 12. Qc2 Qe7 13. Bd2 a5 14. Rad1 Nce4 15. Nxe4 Nxe4 16. Bc1 a4 17. f3 Nc5 18. dxe6 dxe6 19. Bd2 f4 20. gxf4 Bxd4 21. exd4 Nb3 22. Be3 Rad8 23. Rfe1 Qh4 24. d5 $36 {[%mdl 2048] White is more active.} Rde8 (24... exd5 $11 {keeps the balance.} 25. cxd5 Nc5) 25. Bf2 (25. Qf2 $16 Qxf2+ 26. Kxf2) 25... Qf6 (25... Qxf4 $11 26. dxe6 (26. Rxe6 Rxe6 27. dxe6 Bxf3 $11) 26... Qg5) 26. f5 (26. Qc3 $16) 26... e5 27. Qe4 Bc8 28. f4 {[%cal Rf4e5]} Bxf5 29. fxe5 {[%cal Bf4e5,Be5e6,Be6e7][%mdl 32]} Qg6 30. Qe3 {Threatens to win with d6.} Bc2 31. Bg3 (31. Rd4 $14) 31... Bxd1 $11 32. Rxd1 Qc2 33. Re1 Qxc4 34. e6 Kh8 $2 {[%mdl 8192] [#]} (34... Nd4 $11 35. Qe4 Qc5) 35. Qc3 $1 $18 {[%cal Rc3c4]} Qxc3 36. bxc3 Re7 {[#]} (36... Nc5 $142 37. Bxc7 Rf6) 37. Bxc7 $1 {[%mdl 512]} Rxc7 38. d6 Rxc3 39. e7 {Accuracy: White = 55%, Black = 34%.} 1-0